<?xml version="1.0" encoding="UTF-8"?>
<record
    xmlns:xsi="http://www.w3.org/2001/XMLSchema-instance"
    xsi:schemaLocation="http://www.loc.gov/MARC21/slim http://www.loc.gov/standards/marcxml/schema/MARC21slim.xsd"
    xmlns="http://www.loc.gov/MARC21/slim">

  <leader>02817cam a2200373 i 4500</leader>
  <datafield tag="999" ind1=" " ind2=" ">
    <subfield code="c">8026</subfield>
    <subfield code="d">8026</subfield>
  </datafield>
  <controlfield tag="001">456187</controlfield>
  <controlfield tag="003">GBCCL</controlfield>
  <controlfield tag="005">20241126110641.0</controlfield>
  <controlfield tag="008">150113s2015    ilu      b    001 0 eng  </controlfield>
  <datafield tag="010" ind1=" " ind2=" ">
    <subfield code="a">  2015001438</subfield>
  </datafield>
  <datafield tag="020" ind1=" " ind2=" ">
    <subfield code="a">9781433549373 (tp)</subfield>
  </datafield>
  <datafield tag="020" ind1=" " ind2=" ">
    <subfield code="a">9788193700860</subfield>
  </datafield>
  <datafield tag="035" ind1=" " ind2=" ">
    <subfield code="a">(OCoLC)ocn890758085</subfield>
  </datafield>
  <datafield tag="035" ind1=" " ind2=" ">
    <subfield code="a">(OCoLC)890758085</subfield>
  </datafield>
  <datafield tag="040" ind1=" " ind2=" ">
    <subfield code="a">DLC</subfield>
    <subfield code="b">eng</subfield>
    <subfield code="e">rda</subfield>
    <subfield code="c">DLC</subfield>
    <subfield code="d">IG#</subfield>
    <subfield code="d">YDXCP</subfield>
    <subfield code="d">BTCTA</subfield>
    <subfield code="d">OCLCF</subfield>
    <subfield code="d">SPB</subfield>
    <subfield code="d">SGB</subfield>
    <subfield code="d">TLE</subfield>
    <subfield code="d">LBB</subfield>
  </datafield>
  <datafield tag="042" ind1=" " ind2=" ">
    <subfield code="a">pcc</subfield>
  </datafield>
  <datafield tag="049" ind1=" " ind2=" ">
    <subfield code="a">LBBK</subfield>
    <subfield code="a">LBBT</subfield>
    <subfield code="a">LBBC</subfield>
    <subfield code="a">LBBA</subfield>
  </datafield>
  <datafield tag="050" ind1="0" ind2="0">
    <subfield code="a">BS680.H67</subfield>
    <subfield code="b">D493 2015</subfield>
  </datafield>
  <datafield tag="082" ind1="0" ind2="0">
    <subfield code="a">241.664</subfield>
    <subfield code="2">23</subfield>
    <subfield code="b">DEY</subfield>
  </datafield>
  <datafield tag="100" ind1="1" ind2=" ">
    <subfield code="a">DeYoung, Kevin.</subfield>
    <subfield code="9">8801</subfield>
  </datafield>
  <datafield tag="245" ind1="1" ind2="0">
    <subfield code="a">What does the Bible really teach about homosexuality? /</subfield>
    <subfield code="c">Kevin DeYoung.</subfield>
  </datafield>
  <datafield tag="264" ind1=" " ind2="1">
    <subfield code="a">Bangalore :</subfield>
    <subfield code="b">Omega book world,</subfield>
    <subfield code="c">[2015]</subfield>
  </datafield>
  <datafield tag="300" ind1=" " ind2=" ">
    <subfield code="a">158 pages ;</subfield>
    <subfield code="c">21 cm</subfield>
  </datafield>
  <datafield tag="336" ind1=" " ind2=" ">
    <subfield code="a">text</subfield>
    <subfield code="b">txt</subfield>
    <subfield code="2">rdacontent</subfield>
  </datafield>
  <datafield tag="337" ind1=" " ind2=" ">
    <subfield code="a">unmediated</subfield>
    <subfield code="b">n</subfield>
    <subfield code="2">rdamedia</subfield>
  </datafield>
  <datafield tag="338" ind1=" " ind2=" ">
    <subfield code="a">volume</subfield>
    <subfield code="b">nc</subfield>
    <subfield code="2">rdacarrier</subfield>
  </datafield>
  <datafield tag="504" ind1=" " ind2=" ">
    <subfield code="a">Includes bibliographical references (pages 151-153) and index.</subfield>
  </datafield>
  <datafield tag="505" ind1="0" ind2=" ">
    <subfield code="a">Introduction : What does the Bible teach about everything? -- Part one : Understanding God's Word. -- One man, one woman, one flesh (Genesis 1-2) -- Those infamous cities (Genesis 19) -- Taking a strange book seriously (Leviticus 18, 20) -- The Romans road in the wrong direction (Romans 1) -- A new word from an old place (1 Corinthians 6; 1 Timothy 1) -- Part two : Answering objections. -- "The Bible hardly ever mentions homosexuality" -- "Not that kind of homosexuality" -- "What about gluttony and divorce?" -- "The church is supposed to be a place for broken people" -- "You're on the wrong side of history" -- "It's not fair" -- "The God I worship is a God of love" -- Conclusion : Walking with God and walking with each other in truth and grace -- Appendix 1 : What about same-sex marriage? -- Appendix 2 : Same-sex attraction : three building blocks -- Appendix 3 : The church and homosexuality : ten commitments -- Annotated bibliography.</subfield>
  </datafield>
  <datafield tag="520" ind1=" " ind2=" ">
    <subfield code="a">In this timely book, award-winning author Kevin DeYoung challenges each of us -- the skeptic and the seeker, the certain and the confused -- to take a humble look at God's Word regarding the issue of homosexuality. After examining key biblical passages in both the Old and New Testaments and the Bible's overarching teaching regarding sexuality, DeYoung responds to popular objections raised by Christians and non-Christians alike, making this an indispensable resource for thinking through one of the most pressing issues of our day. - Back cover.</subfield>
  </datafield>
  <datafield tag="650" ind1=" " ind2="0">
    <subfield code="a">Homosexuality</subfield>
    <subfield code="x">Biblical teaching.</subfield>
    <subfield code="9">4773</subfield>
  </datafield>
  <datafield tag="650" ind1=" " ind2="7">
    <subfield code="a">Homosexuality</subfield>
    <subfield code="x">Biblical teaching.</subfield>
    <subfield code="2">fast</subfield>
    <subfield code="0">(OCoLC)fst00959757</subfield>
    <subfield code="9">4773</subfield>
  </datafield>
  <datafield tag="776" ind1="0" ind2="8">
    <subfield code="i">Online version:</subfield>
    <subfield code="a">DeYoung, Kevin.</subfield>
    <subfield code="t">What does the Bible really teach about homosexuality?</subfield>
    <subfield code="d">Wheaton : Crossway, 2015</subfield>
    <subfield code="z">9781433549380</subfield>
    <subfield code="w">(DLC) 2015007515</subfield>
  </datafield>
  <datafield tag="942" ind1=" " ind2=" ">
    <subfield code="2">ddc</subfield>
    <subfield code="c">BK</subfield>
    <subfield code="0">14</subfield>
  </datafield>
  <datafield tag="952" ind1=" " ind2=" ">
    <subfield code="0">0</subfield>
    <subfield code="1">0</subfield>
    <subfield code="2">ddc</subfield>
    <subfield code="4">0</subfield>
    <subfield code="7">0</subfield>
    <subfield code="a">GBC</subfield>
    <subfield code="b">GBC</subfield>
    <subfield code="c">TH</subfield>
    <subfield code="d">2019-01-30</subfield>
    <subfield code="e">11</subfield>
    <subfield code="g">250.00</subfield>
    <subfield code="l">8</subfield>
    <subfield code="m">1</subfield>
    <subfield code="o">241.664 DEY</subfield>
    <subfield code="p">014932</subfield>
    <subfield code="r">2025-10-06 11:28:56</subfield>
    <subfield code="s">2025-09-29</subfield>
    <subfield code="t">c.5</subfield>
    <subfield code="v">250.00</subfield>
    <subfield code="w">2019-01-30</subfield>
    <subfield code="y">BK</subfield>
  </datafield>
  <datafield tag="952" ind1=" " ind2=" ">
    <subfield code="0">0</subfield>
    <subfield code="1">0</subfield>
    <subfield code="2">ddc</subfield>
    <subfield code="4">0</subfield>
    <subfield code="7">0</subfield>
    <subfield code="a">GBC</subfield>
    <subfield code="b">GBC</subfield>
    <subfield code="c">TH</subfield>
    <subfield code="d">2019-01-30</subfield>
    <subfield code="e">11</subfield>
    <subfield code="g">250.00</subfield>
    <subfield code="l">2</subfield>
    <subfield code="o">241.664 DEY</subfield>
    <subfield code="p">014931</subfield>
    <subfield code="r">2025-05-01 00:00:00</subfield>
    <subfield code="s">2024-07-15</subfield>
    <subfield code="t">c.4</subfield>
    <subfield code="v">250.00</subfield>
    <subfield code="w">2019-01-30</subfield>
    <subfield code="y">BK</subfield>
  </datafield>
  <datafield tag="952" ind1=" " ind2=" ">
    <subfield code="0">0</subfield>
    <subfield code="1">0</subfield>
    <subfield code="2">ddc</subfield>
    <subfield code="4">0</subfield>
    <subfield code="7">0</subfield>
    <subfield code="a">GBC</subfield>
    <subfield code="b">GBC</subfield>
    <subfield code="c">TH</subfield>
    <subfield code="d">2019-01-30</subfield>
    <subfield code="e">11</subfield>
    <subfield code="g">250.00</subfield>
    <subfield code="l">5</subfield>
    <subfield code="o">241.664 DEY</subfield>
    <subfield code="p">014930</subfield>
    <subfield code="r">2025-07-15 15:35:26</subfield>
    <subfield code="s">2025-07-11</subfield>
    <subfield code="t">c.3</subfield>
    <subfield code="v">250.00</subfield>
    <subfield code="w">2019-01-30</subfield>
    <subfield code="y">BK</subfield>
  </datafield>
  <datafield tag="952" ind1=" " ind2=" ">
    <subfield code="0">0</subfield>
    <subfield code="1">0</subfield>
    <subfield code="2">ddc</subfield>
    <subfield code="4">0</subfield>
    <subfield code="7">0</subfield>
    <subfield code="a">GBC</subfield>
    <subfield code="b">GBC</subfield>
    <subfield code="c">TH</subfield>
    <subfield code="d">2019-01-30</subfield>
    <subfield code="e">11</subfield>
    <subfield code="g">250.00</subfield>
    <subfield code="l">2</subfield>
    <subfield code="o">241.664 DEY</subfield>
    <subfield code="p">014929</subfield>
    <subfield code="r">2025-05-01 00:00:00</subfield>
    <subfield code="s">2024-09-09</subfield>
    <subfield code="t">c.2</subfield>
    <subfield code="v">250.00</subfield>
    <subfield code="w">2019-01-30</subfield>
    <subfield code="y">BK</subfield>
  </datafield>
  <datafield tag="952" ind1=" " ind2=" ">
    <subfield code="0">0</subfield>
    <subfield code="1">0</subfield>
    <subfield code="2">ddc</subfield>
    <subfield code="4">0</subfield>
    <subfield code="7">0</subfield>
    <subfield code="a">GBC</subfield>
    <subfield code="b">GBC</subfield>
    <subfield code="c">TH</subfield>
    <subfield code="d">2019-01-30</subfield>
    <subfield code="e">11</subfield>
    <subfield code="g">250.00</subfield>
    <subfield code="l">1</subfield>
    <subfield code="o">241.664 DEY</subfield>
    <subfield code="p">014928</subfield>
    <subfield code="r">2025-05-01 00:00:00</subfield>
    <subfield code="s">2023-10-30</subfield>
    <subfield code="t">c.1</subfield>
    <subfield code="v">250.00</subfield>
    <subfield code="w">2019-01-30</subfield>
    <subfield code="y">BK</subfield>
  </datafield>
</record>
